Organization development and change / (Record no. 317069)
[ view plain ]
| 000 -LEADER | |
|---|---|
| fixed length control field | 00647nam a22002057a 4500 |
| 003 - CONTROL NUMBER IDENTIFIER | |
| control field | SISC |
| 005 - DATE AND TIME OF LATEST TRANSACTION | |
| control field | 20170302125011.0 |
| 008 - FIXED-LENGTH DATA ELEMENTS--GENERAL INFORMATION | |
| fixed length control field | 170302b xxu||||| |||| 00| 0 eng d |
| 020 ## - INTERNATIONAL STANDARD BOOK NUMBER | |
| International Standard Book Number | 9789814763127 |
| 050 ## - LIBRARY OF CONGRESS CALL NUMBER | |
| Classification number | HD 58.8 |
| Item number | .C85 2016 |
| 100 ## - MAIN ENTRY--PERSONAL NAME | |
| Personal name | Cummings, Thomas G. |
| 245 ## - TITLE STATEMENT | |
| Title | Organization development and change / |
| Statement of responsibility, etc | Thomas G. Cummings, Christopher G. Worley. |
| 250 ## - EDITION STATEMENT | |
| Edition statement | 10th edition. |
| 260 ## - PUBLICATION, DISTRIBUTION, ETC. (IMPRINT) | |
| Place of publication, distribution, etc | Singapore : |
| Name of publisher, distributor, etc | Cengage Learning, |
| Date of publication, distribution, etc | 2016. |
| 300 ## - PHYSICAL DESCRIPTION | |
| Extent | xxii, 810 pages : |
| Other physical details | illustrations ; |
| Dimensions | 25 cm. |
| 500 ## - GENERAL NOTE | |
| General note | Includes glossary and index. |
| 650 ## - SUBJECT ADDED ENTRY--TOPICAL TERM | |
| Topical term or geographic name as entry element | Organizational change. |
| 700 ## - ADDED ENTRY--PERSONAL NAME | |
| Personal name | Worley, Christopher G. |
| 942 ## - ADDED ENTRY ELEMENTS (KOHA) | |
| Source of classification or shelving scheme | Library of Congress Classification |
| Koha item type | Books |
| Withdrawn status | Lost status | Source of classification or shelving scheme | Damaged status | Home library | Current library | Shelving location | Date acquired | Source of acquisition | Sub Shelving location | Total Checkouts | Total Renewals | Full call number | Barcode | Date last seen | Date checked out | Price effective from | Koha item type |
|---|---|---|---|---|---|---|---|---|---|---|---|---|---|---|---|---|---|
| Library of Congress Classification | College Library | College Library | Graduate Section | 03/02/2017 | Library Fund | 7 | 16 | HD 58.8 .C85 2016 | C20848 | 10/24/2022 | 10/14/2022 | 03/02/2017 | Books | ||||
| Library of Congress Classification | College Library | College Library | Graduate Section | 03/02/2017 | Library Fund | 5 | 26 | HD 58.8 .C85 2016 | C20849 | 10/19/2022 | 10/12/2022 | 03/02/2017 | Books | ||||
| Library of Congress Classification | College Library | College Library | Graduate Section | 03/02/2017 | Library Fund | 5 | 5 | HD 58.8 .C85 2016 | C20850 | 10/15/2018 | 10/11/2018 | 03/02/2017 | Books |